[Event "Candidates Tournament"]
[Site "London"]
[Date "2013.03.27"]
[Round "10"]
[White "Grischuk, Alexander"]
[Black "Kramnik, Vladimir"]
[Result "0-1"]
[WhiteElo "2764"]
[BlackElo "2810"]
[Annotator "Kritz,L"]
[PlyCount "82"]
[EventDate "2013.03.15"]
[EventType "tourn"]
[EventRounds "14"]
[EventCountry "ENG"]
[EventCategory "22"]
[SourceTitle "CBM 154"]
[Source "ChessBase"]
[SourceDate "2013.05.15"]
[SourceVersion "1"]
[SourceVersionDate "2013.05.15"]
[SourceQuality "1"]

1. e4 e5 2. Nf3 Nc6 3. Bb5 Nf6 4. O-O Nxe4 5. d4 Nd6 6. Bxc6 dxc6 7. dxe5 Nf5
8. Qxd8+ Kxd8 9. Nc3 Bd7 10. h3 (10. Rd1 Kc8 11. Ng5 Be8 12. b3 (12. e6 f6 13.
Nf7 Bxf7 14. exf7 Bd6) 12... b6 13. Bb2 Be7 14. Nge4 Kb7 15. Rd3 Rd8 16. Rad1
Rxd3 17. Rxd3 h5 $11 {1-0 Hovhannisyan,R (2615)-Pashikian,A (2607)/Yerevan
2013/CB03_2013 (61)}) 10... h6 $1 {Schwarz spielt prophylaktisch, um dem
Gegner nicht zu erlauben, eine Initiative am Königsflügel zu entfalten.} (10...
Kc8 11. g4 $1 Ne7 12. Ng5 Be8 13. f4 $14 {Das ist eine Traumstellung für Weiß!}
) 11. Rd1 {Das sieht am logischsten aus.} (11. b3 c5 12. Rd1 Kc8 13. Nd5 a5 14.
a4 Ne7 15. c4 Bf5 16. Ra2 b6 17. Nh4 Bh7 $11 {1/2-1/2 Solodovnichenko,Y (2559)
-Naiditsch,A (2706)/Deizisau 2013/CB13_2013 (102)}) (11. Bf4 {Der Läufer hat
hier nichts zu suchen.} Kc8 12. Rad1 b6 13. Rd3 Be6 14. Rfd1 Kb7 15. b3 g5 16.
Bc1 c5 17. Nd5 Ne7 18. Nxe7 Bxe7 $15 {1-0 Anand,V (2786)-Topalov,V (2757)/
Monte Carlo 2005/CBM 105 ext (46)}) 11... Kc8 {Nun kann Weiß nicht so aktiv am
Königsflügel werden, weil seinem Springer das Feld g5 genommen ist.} 12. a4 $6
{Normalerweise ist es nicht im Sinne von Weiß, alle Bauern auf weiße Felder zu
stellen. Es ist eher Schwarz, der solch eine Bauernstruktur anstreben muss.} (
12. b3 b6 13. Bb2 Ne7 14. Rd2 c5 15. Rad1 Be6 $11 {1-0 Grischuk,A (2736)
-Jakovenko,D (2736)/Moscow 2009/CBM 134 (44)}) 12... a5 {Der Zug a4 hat für
Weiß nur Nachteile - das Feld b4 wurde geschwächt, die Bauern können unter
Umständen schwach werden.} 13. b3 b6 {[%cal Rc8b7]} 14. Bb2 Ne7 $1 {Der
Springer hat normalerweise wenig zu tun auf f5. Die Idee von Schwarz ist es,
den Springer nach g6 zu bringen, sofort oder nach ...g5. Der weißfeldrige
Läufer geht nach e6, der Bauer nach c5 und nimmt dem weißen Springer das Feld
d4. Die schwarze Festung ist sehr solide.} 15. Rd2 c5 16. Ne2 (16. Rad1 Be6 $1
(16... Bc6 $2 17. e6 $1 fxe6 18. Ne5 Kb7 19. Nf7 Rg8 20. Nd8+ $16 {1-0
Grigoriants,S (2570)-Shen,Y (2447)/Moscow 2012/CBM 147 (26)}) 17. Rd8+ Kb7 18.
Rxa8 Kxa8 19. Rd8+ Kb7 $11 {Schwarz wird einfach ...Nc6 spielen und der weiße
Turm muss die 8. Reihe wieder verlassen.}) 16... Ng6 {Hier kann Schwarz weder .
..Be6 noch ...g5 spielen, so bleibt ihm nichts anderes übrig als das Feld f4
sofort unter Kontrolle zu nehmen.} (16... g5 $4 17. e6 $18) (16... Be6 17. Nf4
$14 {Wenn Weiß einen Springer gegen den weißfeldrigen Läufer tauschen kann,
hat Schwarz wenig Chancen auf Konter zu spielen. Seine Stellung bleibt jedoch
sehr schwer zu brechen.}) 17. Rad1 Be6 {Weiß muss mit ...c4 rechnen.} 18. c4 (
18. Rd8+ Kb7 19. Rxa8 Kxa8 20. Rd8+ Kb7 21. c4 Be7 22. Rxh8 Nxh8 23. Nf4 Bf5
$15 {Es ist nur Schwarz, der hier auf Sieg spielen kann. Man kann auch
deutlich sehen, warum die Bauernstruktur am Damenflügel günstig für Schwarz
ist.}) 18... Be7 19. Nc3 Kb7 {Das ist eine typische Stellung für diese
Variante. Schwarz hat alles geschafft, was er wollte. Weiß kann kaum auf
Gewinn spielen.} 20. Nd5 ({Der Versuch den König zu zentralisieren scheitert:} 
20. Kf1 Rad8 21. Ke2 $2 Nf4+ 22. Kf1 Rxd2 23. Rxd2 Bf5 $15) 20... Rad8 21. Nxe7
{Das führt zu einer gefährlichen Stellung für Weiß. Der Springer d5 ist
wesentlich stärker als der Läufer e7.} (21. Kh2 Bg5 $1 22. Nxg5 hxg5 23. Kg3
Rhe8 $11) 21... Rxd2 22. Nxd2 (22. Rxd2 Nxe7 23. Kh2 (23. g4 $2 h5 $1 24. Ng5
hxg4 25. Nxe6 fxe6 26. hxg4 Rh3 $1 {und Schwarz sollte gewinnen:} 27. Rd7 Nc6
28. Rxg7 Rxb3 29. Bc1 Rb1 $19) 23... g5 24. Kg3 Nf5+ 25. Kh2 Ne7 $11) 22...
Nxe7 23. Nf1 Kc8 $1 {Schwarz will in das Endspiel mit ungleichfarbigen
Läufern! Dann wird sein Läufer über f5-c2 alle weißen Bauern vernichten.} 24.
f3 g5 (24... Rd8 $5 25. Rxd8+ Kxd8 26. g4 Ng6 27. Kh2 (27. Kf2 Nf4 28. h4 $4
Nd3+ 29. Ke3 Nxb2 $19) 27... Nf4 28. Kg3 g5 $15 {Schwarz steht besser, weil
die Bauern b3 und e5 (nachdem der schwarze König näher ran kommt) schwach sind.
}) 25. Ng3 ({Der Springer konnte auch gut nach e3 gehen, um das Feld ...c2 zu
kontrollieren!} 25. Ne3 Rd8 26. Rxd8+ Kxd8 27. Kf2 Nc6 (27... Bf5 28. Ke2 $11)
28. Ng4 (28. Nc2 Bf5 29. Ne3 Bb1 $17) 28... Bxg4 29. hxg4 Nd4 30. Bxd4 cxd4 31.
Ke2 c5 32. g3 Ke7 33. Kd3 Ke6 34. Ke4 Kd7 35. Kd3 Ke7 36. f4 gxf4 37. gxf4 f6
38. exf6+ Kxf6 39. Ke4 Kg6 40. Kf3 h5 41. gxh5+ Kxh5 42. f5 Kg5 43. Ke4 Kf6 44.
Kf4 $11) 25... Rd8 26. Rxd8+ Kxd8 27. Kf2 Bf5 $5 {Schwarz ist bereit, seinen
Läufer zu geben. Das Problem ist, dass das Spiel nun fast forciert verläuft.} (
27... Ng6 $15) 28. Nxf5 $8 (28. Ke3 Bc2 $19 {Hier sieht man, warum das Feld c2
so wichtig ist.}) 28... Nxf5 29. g4 Nd4 30. Bxd4 $4 {Verliert sofort. Grischuk
hat wohl das Bauernendspiel falsch eingeschätzt.} ({Weiß konnte hier sogar die
Initiative übernehmen, aber dafür musste er den einzigen Zug finden, nämlich} 
30. Ke3 $1 {siehe die Analyse in der Endspielkolumne von Karsten Müller.})
30... cxd4 31. Ke2 Kd7 32. Kd3 c5 33. Ke4 (33. Ke2 Ke6 $19) 33... Ke6 34. f4
gxf4 35. Kxf4 d3 $1 36. Ke3 Kxe5 37. Kxd3 Kf4 $19 {... und der weiße König
schafft es nicht zum Königsflügel.} 38. Ke2 Kg3 39. Ke3 Kxh3 40. Kf4 Kh4 41.
Kf5 Kg3 $1 (41... f6 42. Kf4 Kh3 43. Kf3 Kh2 44. Kf2 $11) 0-1

[Event "Candidates Tournament"]
[Site "London"]
[Date "2013.03.27"]
[Round "10"]
[White "Radjabov, Teimour"]
[Black "Svidler, Peter"]
[Result "1/2-1/2"]
[WhiteElo "2793"]
[BlackElo "2747"]
[PlyCount "42"]
[EventDate "2013.03.15"]
[EventType "tourn"]
[EventRounds "14"]
[EventCountry "ENG"]
[EventCategory "22"]
[SourceTitle "CBM 154"]
[Source "ChessBase"]
[SourceDate "2013.05.15"]
[SourceVersion "1"]
[SourceVersionDate "2013.05.15"]
[SourceQuality "1"]

1. d4 Nf6 2. c4 g6 3. Nc3 d5 4. cxd5 Nxd5 5. e4 Nxc3 6. bxc3 Bg7 7. Nf3 c5 8.
Rb1 O-O 9. Be2 cxd4 10. cxd4 Qa5+ 11. Bd2 Qxa2 12. O-O Bg4 13. Bg5 h6 14. Be3
Nc6 15. d5 Na5 16. Re1 b6 17. Nd4 Bd7 (17... Bxe2 $6 {allows the radical
activation of the e1-rook:} 18. Rxe2 Qc4 19. Rc2 Qa6 20. Rc7 $16 {Iskusnyh,S 
(2457)-Zablotsky,S (2540)/Tomsk 2009/EXT 2010 (1/2, 38)}) 18. Ra1 Qb2 19. Rb1
Qa2 20. Ra1 Qb2 21. Rb1 Qa2 1/2-1/2

[Event "Candidates Tournament"]
[Site "London"]
[Date "2013.03.28"]
[Round "11"]
[White "Grischuk, Alexander"]
[Black "Carlsen, Magnus"]
[Result "1/2-1/2"]
[WhiteElo "2764"]
[BlackElo "2872"]
[Annotator "Marin,M"]
[PlyCount "46"]
[EventDate "2013.03.15"]
[EventType "tourn"]
[EventRounds "14"]
[EventCountry "ENG"]
[EventCategory "22"]
[SourceTitle "CBM 154"]
[Source "ChessBase"]
[SourceDate "2013.05.15"]
[SourceVersion "1"]
[SourceVersionDate "2013.05.15"]
[SourceQuality "1"]

1. d4 Nf6 2. c4 g6 3. Nc3 d5 4. Nf3 Bg7 5. h4 $5 {This extravagant move has
some abstract justification. Black's position in the centre is not too stable,
quite typically for the Grünfeld, so he might be not that well prepared
against the brutal advance of the h-pawn.} c6 {Adding some stability to the
centre, so as to parry h4-h5, at least for the time being.} ({If} 5... h5 6.
Bg5 {the insertion of the moves h4 and ...h5 ensures that the g5-bishop is
defended, rendering the typical ...Nf6-e4 ineffective.} c6 7. e3 $14 {Kadas,G 
(2224)-Bakos,B (2234)/Hungary 2006/EXT 2009 (0-1, 39)}) 6. Bg5 ({In the few
games played with this line,} 6. cxd5 cxd5 7. Bf4 {In principle, the move
h2-h4 does not seem to fit into what would otherwise be a marginally better
position for White. Still, in the long run the threat h4-h5 may become real
and if Black prevents it with ...h7-h5, things would already look coherent
from White's point of view.} Nc6 8. e3 O-O 9. Ne5 (9. Be2 Bg4 10. O-O e6 11.
Rc1 Rc8 {Melkumyan,H (2649)-Erdos,V (2637)/Germany 2013/CBM 153 (1/2, 58)})
9... Qb6 (9... Be6 10. Nd3 b6 11. Be2 h5 12. Rc1 Bg4 13. f3 Bd7 14. b4 e6 15.
Qb3 $14 {Nenezic,M (2400)-Maric,D (2207)/Belgrade 2013/CBM 152 Extra (1-0, 36)}
) 10. Qb3 Qxb3 (10... Bf5 11. Be2 h5 {Sadorra,J (2431)-Gopal,G (2548)/Beijing
2008/CBM 126 Extra (1-0, 29)} 12. Qxb6 axb6 13. f3 $14) 11. axb3 Nb4 12. Kd2 h5
13. Nd3 Nc6 (13... Nxd3 14. Bxd3 {[%cal Gc3b5]} Bd7 15. Ra5 $14) 14. f3 Bf5 15.
Ne5 $14 {Morozevich,A (2748)-Giri,A (2720)/Beijing 2012/ (1-0, 49). In all
these games, White's better control in the centre and the king's
centralisation make his position more pleasant.}) 6... O-O $146 {This flexible
developing move invites White to display his cards.} (6... Ne4 7. cxd5 (7. e3
$5 $14) 7... cxd5 8. Qb3 Nxc3 {1/2 Wocke,R-Chandler,P/Wiesbaden 1988/GER}) 7.
Bxf6 ({One possible problem is that the natural} 7. e3 {cuts off the bishop's
retreat, allowing} Nh5 $5 {[%cal Gh7h6]}) 7... Bxf6 (7... exf6 $5 {might also
be playable.} 8. cxd5 cxd5 9. e3 Nc6 {[%cal Gf6f5] There is no clear plan of
attacking the d5-pawn, while Black enjoys free development.}) 8. h5 Bf5 {
The bishop hurries to the defence of the kingside.} (8... dxc4 9. e4 b5 ({If} 
9... Be6 {then White gains time to cut the dark-squared bishop out of the play
completely:} 10. e5 Bg7 11. h6 Bh8 12. Ng5 Bd5 13. Qg4 Qb6 14. O-O-O Na6 15. f4
{Black will have to play the rest of the game with his bishop immobile on h8.
Besides, his king is under constant pressure. Would the extra pawn and
activity of the remaining pieces compensate for these important drawbacks?
With Black, I would be afraid they would not.}) 10. e5 Bg7 {Now, the same plan
is more difficult to carry out; Black would react with ...f6 if needed. White
may play} 11. a4 $44 {, hoping that the queenside diversion would create
favourable circumstances on the opposite wing.}) 9. e3 (9. Qb3 $5 dxc4 10. Qxb7
Qb6 11. Qxb6 (11. Qxa8 Qxb2 $19) 11... axb6 12. e4 Be6 13. e5 Bg7 (13... Bh8 {
anticipates the white plan, but the bishop does not stand nicely on h8.}) 14.
h6 $5 Bh8 15. Ng5 Bd5 16. f4 {The h8-bishop has been cut off play mechanically.
On the other hand, Black has an advantage on the queenside and in some cases
he could free his bishop with a knight sacrifice on e5 (following to ...
f7-f6xe5). The final evaluation is not clear to me, since the computers do not
always understand the notion of a trapped piece.}) 9... e6 10. hxg6 Bxg6 $1 (
10... hxg6 11. Ne5 {exposes the bishop to the threat g2-g4 and forces Black to
make some concession.} c5 (11... Bxe5 12. dxe5 Qg5 13. Qd4 Nd7 14. cxd5 exd5
15. O-O-O $36) 12. g4 cxd4 13. exd4 Be4 14. f3 Bh4+ 15. Ke2 f6 16. Nd7 $5 Qxd7
17. Rxh4 g5 18. Rh1 Bg6 19. cxd5 exd5 20. Kf2 $14) 11. Bd3 Nd7 12. Qe2 (12.
cxd5 cxd5 {[%cal Ge6e5] does not change things essentially.}) 12... e5 $132 {
Black clears the path for his Grünfeld bishop, which will compensate for the
relative weakness of the Isolani.} 13. Bxg6 hxg6 14. dxe5 Nxe5 15. cxd5 cxd5
16. Rd1 Qa5 17. Kf1 {Grischuk keeps his rook on h1, in order to inhibit ...
Bxc3.} (17. O-O Nxf3+ 18. Qxf3 Bxc3 19. Rxd5 Qxa2 20. bxc3 a5 $11) (17. Rxd5
Nxf3+ 18. Kf1 {looks trickier, but Black has some tricks as well:} Nd2+ $3 (
18... Qc7 19. Qxf3 Bxc3 20. bxc3 Qxc3 21. Qh3 $36) 19. Qxd2 (19. Rxd2 Bxc3 20.
bxc3 Qxc3 $11) 19... Rad8 $1 $44) 17... Rad8 18. Nd4 Qc5 $11 (18... Rfe8 $2 19.
Nb3 $16 {wins the d5-pawn.}) 19. Nb3 {White has no advantage at all and,
fearing the pressure of the enemy minor pieces, immediately started peace
negotiations. In view of the weakness of his central pawn, Black cannot avoid
the repetition.} Qc6 20. Na5 Qc7 21. Nb3 Qc6 22. Na5 Qc7 23. Nb3 Qc6 1/2-1/2

[Event "Candidates Tournament"]
[Site "London"]
[Date "2013.03.28"]
[Round "11"]
[White "Ivanchuk, Vassily"]
[Black "Gelfand, Boris"]
[Result "1/2-1/2"]
[WhiteElo "2757"]
[BlackElo "2740"]
[Annotator "Mikhalchishin,A"]
[PlyCount "34"]
[EventDate "2013.03.15"]
[EventType "tourn"]
[EventRounds "14"]
[EventCountry "ENG"]
[EventCategory "22"]
[SourceTitle "CBM 154"]
[Source "ChessBase"]
[SourceDate "2013.05.15"]
[SourceVersion "1"]
[SourceVersionDate "2013.05.15"]
[SourceQuality "1"]

1. d4 Nf6 2. c4 g6 3. Nc3 d5 4. Nf3 Bg7 5. Bf4 O-O 6. e3 c5 7. dxc5 Ne4 8. Rc1
(8. Be5 {is a quite logical idea} Nxc3 (8... Bxe5 9. Nxe5 Nxc3 10. bxc3 Qa5 (
10... Qc7 11. Qd4 f6 12. Nf3 Nc6 13. Qxd5+ Kg7 14. Qd2 e5 15. Be2 Na5 16. O-O
Be6 17. Qb2 Qxc5 18. Nd2 Qc7 19. Qb4 Rac8 20. Rfd1 b6 21. c5 Qxc5 22. Ba6 Rc7
$11 {1/2 Alburt,L (2420)-Tukmakov,V (2570)/Vilnius 1975/MCL (33)}) 11. Qd4 f6
12. Nf3 Nc6 13. Qxd5+ (13. Qd2 dxc4 14. Qd5+ $6 (14. Bxc4+ Kg7 15. O-O Qxc5 16.
Bb3 {=}) 14... Kg7 15. Rc1 (15. Qxc4 $2 Be6 $1) 15... Qxa2 (15... Qa3 $6 16.
Rc2 Bf5 17. e4 Rfd8 18. Qxc4 Bg4 19. Be2 $11) 16. Bxc4 Qa5 (16... Qa3 $6 17.
O-O e6 18. Qe4 Qxc5 19. Bxe6 Re8 20. Qd5 $1) 17. h4 $2 (17. Nd4 $2 Ne5 18. c6
Qxd5 19. Bxd5 bxc6 20. Bxc6 Nxc6 21. Nxc6 Bb7 $1) (17. O-O) 17... Qd8 $1 18. h5
(18. Qe4 Bf5 19. Qf4 e5 20. Qg3 h5) 18... Qxd5 19. Bxd5 Rd8 20. e4 a5 21. Rb1
a4 22. h6+ Kf8 23. Nh4 Ra5 $19 24. Rd1 (24. Nxg6+ hxg6 25. h7 Kg7 26. Bxc6 bxc6
27. h8=Q+ Rxh8 28. Rxh8 Kxh8 29. Rb8 a3 $1 $19) 24... Re8 25. f4 Rxc5 $19 {
Yuneev,A-Polovodin,I (2355)/Leningrad 1979/}) 13... Kg7 14. Qd2 Qxc5 (14... Rd8
15. Qb2 Qxc5 $15) 15. Qb2 Be6 16. Nd4 Bxc4 17. Bxc4 Qxc4 18. Qb3 Qxb3 19. axb3
Rfc8 20. Kd2 Kf7 21. Rhc1 e5 22. Nxc6 {1/2 Portisch,L (2591)-Ruck,R (2573)/
Hungary 2001/EXT 2004}) 9. Bxc3 (9. bxc3 dxc4 10. Qxd8 Rxd8 11. Bxc4 Nc6 12.
Bxg7 Kxg7 13. Nd4 Bd7 14. Be2 Rac8 15. O-O Ne5 16. Rfb1 Rc7 17. h3 Be8 {
Kuzmin,G (2535)-Tseshkovsky,V (2570)/Tallinn 1979/EXT 2001 (30). Black is
still fighting for equality.}) 9... Bxc3+ 10. bxc3 Qa5 $36 11. cxd5 Qxc3+ 12.
Nd2 Qxc5 13. e4 $14) 8... Nd7 ({I had an analysis from 1970 which I
successfully used just 30 years later!} 8... Nxc3 9. bxc3 Qa5 10. Qb3 dxc4 11.
Bxc4 Qxc5 12. Rd1 Nc6 13. Rd5 Qb6 14. Rb5 Qd8 15. Ng5 e6 16. Ne4 Na5 17. Qb4
Nxc4 18. Qxc4 b6 19. Bg5 f6 20. Bf4 Qd7 21. Rb4 Bb7 22. O-O Rac8 23. Qe2 e5 24.
Bg3 g5 25. Rd1 Qe7 26. Ra4 Bc6 27. Rc4 Bb5 28. Nd6 Bxc4 29. Nxc4 Qe6 {0-1
Olarasu,G (2327)-Mikhalchishin,A (2522)/Nova Gorica 2005/CBM 104 ext}) 9. cxd5
Qa5 ({An interesting sharp option is} 9... Ndxc5 10. Be5 Nxc3 11. bxc3 f6 (
11... Bxe5 12. Nxe5 Bf5 13. Bc4 Qc7 14. Qd4 Rad8 15. O-O Rd6 16. Ng4 Bxg4 17.
Qxg4 Rc8 {Hammer,J (2601)-Swiercz,D (2585)/Germany 2011/ White still keeps the
extra pawn.}) 12. Bg3 Bd7 13. Bc4 Rc8 14. O-O Ne4 15. Bb3 Kh8 16. c4 Qb6 17.
Qd4 Nxg3 18. hxg3 Rc5 19. Ne1 f5 20. Qd2 Rc7 21. Nd3 Qf6 22. Rfd1 b6 23. a4 Rb8
24. Nb4 {Andersen,M (2461)-Wagner,D (2456)/Wattenscheid GER 2012; with
advantage.}) 10. Nd4 Nxc3 11. bxc3 Qxa2 (11... Nxc5 {is the common move.} 12.
Bc4 e5 (12... Bd7 13. O-O Na4 (13... Rac8 14. Bb3 Nxb3 15. Qxb3 b5 16. Bg5 Rfe8
17. f4 Rc4 18. f5 Qb6 19. Rb1 Qc5 20. fxg6 hxg6 21. Qd1 Qxd5 {Sachdev,T (2396)
-Zinchenko,Y (2544)/Kavala 2010/ with better chances.}) 14. Qb3 Nb6 15. Bb5
Bxd4 16. Bxd7 Bg7 17. Bb5 a6 18. Be2 Nxd5 19. c4 Nxf4 20. exf4 b6 21. Rfd1 Rad8
{Sanikidze,T (2585)-Gupta,A (2637)/Istanbul 2012; just White can have problems.
}) 13. dxe6 Bxe6 14. Bxe6 Nxe6 15. Nxe6 Bxc3+ 16. Kf1 (16. Ke2 fxe6 17. Qb3
Qa6+ 18. Kf3 Be5 19. h4 Rf7 20. Qc4 Bxf4 21. exf4 b5 {With good play,
Iturrizaga Bonelli,E (2649)-Le Quang,L (2714)/Moscow 2012}) 16... fxe6 17. Qb3
Qa6+ 18. Kg1 Bf6 19. h3 Rad8 20. Kh2 Rd2 (20... Rd3 21. Qb1 Rd2 {1/2 Grigore,G
(2532)-Mekhitarian,K (2511)/Arad 2010}) 21. Rc2 Rxc2 22. Qxc2 Qc6 23. Qxc6 bxc6
24. Rc1 Rc8 25. Bd6 Kf7 26. Kg3 Be7 27. Bc5 Bxc5 28. Rxc5 Ke7 29. Ra5 c5 30.
Rxa7+ Kd6 31. Kf3 c4 32. Ke2 Rb8 {Gustafsson,J (2633)-Safarli,E (2630)/Porto
Carras 2011; Black's activity is sufficient compensation for the pawn.}) 12. c6
(12. Qb3 Qxb3 13. Nxb3 a5 $132 14. c6 Nf6 15. d6 bxc6 16. dxe7 Re8 17. Nd4 Bd7
18. Bd6 Ne4 19. Ba3 c5 20. Bd3 Rxe7 21. Bxe4 Rxe4 22. Bxc5 Rc8 23. Ba3 f5 24.
g3 {White has managed to keep his extra pawn, but the bishop pair and the
potentially dangerous a5-pawn offer Black ample compensation.} g5 25. Kd2 Rce8
26. Rhe1 f4 27. exf4 Rxe1 28. Rxe1 Rxe1 29. Kxe1 gxf4 30. Kd2 Kf7 31. Kd3 fxg3
32. hxg3 h5 33. f4 Bf6 34. Kc4 h4 35. gxh4 Bxh4 36. Nf3 Bf6 37. Ne5+ Bxe5 38.
fxe5 Ke6 39. Bd6 {1/2 Fridman,D (2655)-Kramnik,V (2799)/Dortmund 2012/CBM 150/
[Marin,M]}) 12... Nc5 13. Be2 $146 (13. c4 Ne4 14. Qc2 Qa5+ 15. Ke2 Nc5 16.
cxb7 Bxb7 17. f3 e5 18. dxe6 Nxe6 19. Nxe6 fxe6 20. Bd6 Rfd8 21. c5 Rac8 22.
Rd1 Bd5 {Somogyi,I (2290)-Kun,S (2295)/Hungary 1992/ White has to be very
carefull.}) 13... Qxd5 14. Bf3 ({No problems await Black after} 14. O-O e5 15.
Bf3 Qd6 16. cxb7 Bxb7 17. Bxb7 Nxb7 18. Bg3 a5 19. c4 a4) 14... Qc4 (14... Qa2
{was dangerous:} 15. O-O e5 16. Bg3 a5 17. c4 exd4 18. Bd6) 15. Be2 {There is
nothing better for White than to repeat moves.} Qd5 16. Bf3 Qc4 17. Be2 Qd5
1/2-1/2